000 03149nam0a2200409 4500
001 RU\NLR\BIBL_A\022522331
005 20260408221440.0
035 _a(NLR Aleph) 022522331
090 _a13399320
_c13399320
100 _a20250415d1980 |||y0rusy50 ca
101 0 _arus
102 _aRU
105 _ay ac 100yy
181 0 _ai4
_baxxe
182 0 _an
200 1 _aПродовольственные ресурсы Сибири и Дальнего Востока и рационализация питания населения
_eбиблиографический указатель литературы (1965-1979 гг.)
_eдля участников межотраслевой научно-практической конференции "Продовольственная база Сибири и Дальнего Востока, рационализация питания и обеспечения населения питьевой водой", проходившей в г. Владивостоке 27-30 мая 1980 г.
_fсоставители: Т. Н. Михайлюк, А. П. Кочмарева
_gАкадемия наук СССР, Дальневосточный научный центр, Институт экономических исследований, Центральная научная библиотека
203 _aТекст
_bвизуальный
_cнепосредственный
210 _aВладивосток
_c[б. и.]
_d1980
215 _a211, [3] с.
_d21
300 _aСост. указаны на обороте тит. с.
320 _aБиблиогр. в конце кн.
606 1 _aЗдоровье
_jБиблиография
_xВлияние питания
_yСибирь
_92617774
_3RU\NLR\AUTH\661554334
606 _aПродовольственные ресурсы
_yСибирь
_jБиблиография
_3RU\NLR\AUTH\6601754318
_92666291
606 _aПродовольственные ресурсы
_yСССР
_yДальний Восток
_jБиблиография
_3RU\NLR\AUTH\6601754321
_92666294
686 1 _aУ9(2)-982(2Р5)я1
686 1 _aР123(2Р5)я1
700 1 _aМихайлюк
_bТ. Н.
701 1 _aКочмарева
_bА. П.
_gАнна Петровна
711 1 2 _a"Продовольственная база Сибири и Дальнего Востока, рационализация питания и обеспечения населения питьевой водой", межотраслевая научно-практическая конференция
_f1980
_eВладивосток
_3RU\NLR\AUTH\880483179
_9626835
712 0 2 _4570
_aИнститут экономических исследований
_cХабаровск
_3RU\NLR\AUTH\889947439
_9390520
712 0 2 _4570
_aАН СССР
_bДальневосточный научный центр
_bЦентральная научная библиотека
_3RU\NLR\AUTH\889956049
_9408203
942 _cBOOK
980 _aNB